EA FC26 All Gold Morocco Players - Statistics

General Stats
  • This quiz has been taken 29 times
  • The average score is 11 of 24
Answer Stats
Rate Club Answer % Correct
89 PSG Achraf Hakimi
100%
82 Al Hilal Yassine Bounou
95%
82 Real Madrid Brahim Diaz
91%
80 Man United Noussair Mazraoui
86%
82 Fenerbahce Youssouf En-Nesyri
86%
78 Real Betis Sofyan Amrabat
73%
81 Marseille Nayef Aguerd
64%
78 Bournemouth Amine Adli
59%
76 Girona Azzedine Ounahi
55%
79 PSV Ismael Saibari
55%
77 Real Betis Abde Ezzalzouli
41%
76 Stuttgart Bilal El Khannouss
41%
75 Basaksehir Amine Harit
32%
80 Olympiacos Ayoub El Kaabi
32%
77 AS Roma Neil El Aynaoui
32%
76 Leverkusen Eliesse Ben Seghir
27%
77 Espanyol Omar El Hilali
27%
75 FC Utrecht Souffian El Karouani
18%
79 Al Shabab Abderrazak Hamdallah
14%
76 Nice Sofiane Diop
14%
78 Al Ain Soufiane Rahimi
14%
76 Genk Zakaria El Ouahdi
14%
76 Al Taawoun Faycal Fajr
5%
76 Lille Osame Sahraoui
5%
No matching quizzes found
Score Distribution
Percent of People with Each Score
Percentile by Number Answered
Your Score History
You have not taken this quiz